00399nam a2200145Ia 4500100002100000942000700021654001400028245002900042260002200071082001000093300000900103546001200112999001700124952011200141 aWilson/Frank/W.  cBK aHand Book aTool Engineers Hand Book bMcGraw Hillc2001 a621.9 a2288 aENGLISH c20210d20210 001040708AFTaCRCEbCRCEd2023-03-17g238.12i745l0o621.9 pAFT453r2023-03-17v238.12w2023-03-17yBK